| 000 | 01093nam a2200301 c 4500 | ||
|---|---|---|---|
| 003 | BLK | ||
| 005 | 20180422112653.0 | ||
| 008 | 180410b bul|||||r ||||||| ||bul|| | ||
| 010 | _aKNG00152287000 | ||
| 020 |
_a978-954-309-127-0 _bиздат.: Светулка-44 |
||
| 040 | _aBLK | ||
| 041 |
_aBUL _cBUL |
||
| 072 | 7 |
_2bullib _aН84 _xБългарска художествена литература Н |
|
| 080 |
_aБългарска литература _b821.163.2 _x-31 _z821.163.2-31 |
||
| 100 | 1 |
_aВапцарова, Мая Борисова _eпърви автор _9380045 |
|
| 139 |
_aВапцарова, Мая Борисова _bВ 21 |
||
| 245 | 1 | 0 |
_aПросяци _bРоман _cМая Борисова Вапцарова. |
| 257 | _aBGR | ||
| 260 |
_аСофия _bСветулка-44 _c2012 _fСофия : Вулкан |
||
| 300 |
_a240 с. _c20 см |
||
| 380 | _aX | ||
| 659 | _aН | ||
| 852 | _aЦб 266022 | ||
| 856 | 4 |
_qpdf _u |
|
| 856 | 4 |
_qpdf _u |
|
| 942 |
_cKNG _n0 |
||
| 944 |
_aCR _c22.10.2013 _kГеновева_Генчева |
||
| 944 |
_aED _c05.02.2018 _kВиолета_Тройчева |
||
| 999 |
_c146101 _d146101 |
||